[Event "XV Closed IM BCC 2021"]
[Site "Barcelona"]
[Date "2021.05.09"]
[Round "6.5"]
[White "Lucas, Arthur"]
[Black "Papadiamandis, Elliot"]
[Result "1/2-1/2"]
[WhiteElo "2310"]
[BlackElo "2292"]
[Annotator "NA"]
[PlyCount "83"]
[EventDate "2021.05.03"]
[EventType "tourn"]
[EventCountry "ESP"]
[SourceTitle "playchess.com"]
[Source "ChessBase"]
[SourceQuality "1"]
[TimeControl "5400+30"]

1. d4 {[%emt 0:01:52]} Nf6 {[%emt 0:00:00]} 2. c4 {[%emt 0:00:39]} g6 {[%emt 0:00:10]} 3. g3 {[%emt 0:00:05]} Bg7 {[%emt 0:01:05]} 4. Bg2 {[%emt 0:00:06]} d5 {[%emt 0:00:08]} 5. cxd5 {[%emt 0:00:07]} Nxd5 {[%emt 0:00:07]} 6. e4 {[%emt 0:00:07]} Nb6 {[%emt 0:00:15]} 7. Ne2 {[%emt 0:00:08]} O-O {[%emt 0:04:35]} 8. O-O {[%emt 0:00:09]} c5 {[%emt 0:02:51]} 9. dxc5 {[%emt 0:00:17]} N6d7 10. Nbc3 {[%emt 0:15:11]} Nxc5 {[%emt 0:14:20]} 11. Be3 {[%emt 0:00:29]} Ncd7 {[%emt 0:08:01]} 12. Qb3 {[%emt 0:12:00]} Nc6 {[%emt 0:06:39]} 13. Rfd1 {[%emt 0:05:20]} Qa5 {[%emt 0:07:07]} 14. Rd5 {[%emt 0:12:04]} Qc7 {[%emt 0:01:15]} 15. Rad1 {[%emt 0:12:54]} a6 {[%emt 0:14:00]} 16. Bf4 {[%emt 0:11:28]} Nde5 {[%emt 0:02:58]} 17. Rc5 {[%emt 0:01:46]} e6 {[%emt 0:00:47]} 18. Qc2 {[%emt 0:18:26]} Bd7 {[%emt 0:09:48]} 19. Nd5 {[%emt 0:02:32]} exd5 {[%emt 0:00:45]} 20. exd5 {[%emt 0:00:05]} Bf5 {[%emt 0:01:50]} 21. Qc1 {[%emt 0:03:28]} Qe7 {[%emt 0:08:10]} 22. dxc6 {[%emt 0:00:08]} Nxc6 {[%emt 0:00:21]} 23. Be3 {[%emt 0:01:36]} Bg4 {[%emt 0:03:18]} 24. Rd2 {[%emt 0:00:31]} Ne5 {[%emt 0:03:53]} 25. Nd4 {[%emt 0:00:27]} Rac8 {[%emt 0:00:31]} 26. Rxc8 {[%emt 0:00:31]} Rxc8 {[%emt 0:00:01]} 27. Rc2 {[%emt 0:00:13]} Rd8 {[%emt 0:02:25]} 28. Rd2 {[%emt 0:00:45]} Rc8 {[%emt 0:02:46]} 29. Rc2 {[%emt 0:00:01]} Rd8 {[%emt 0:00:50]} 30. Rd2 {[%emt 0:00:33]} Qb4 {[%emt 0:01:50]} 31. Nc2 {[%emt 0:01:00]} Qa5 {[%emt 0:00:05]} 32. Rxd8+ {[%emt 0:00:29]} Qxd8 {[%emt 0:00:01]} 33. Ne1 {[%emt 0:00:31]} b5 {[%emt 0:00:39]} 34. h3 {[%emt 0:00:15]} Be6 {[%emt 0:00:41]} 35. b3 {[%emt 0:00:08]} h5 {[%emt 0:00:29]} 36. Kh2 {[%emt 0:01:06]} Qd6 {[%emt 0:00:36]} 37. Bf4 {[%emt 0:00:31]} Qd4 {[%emt 0:00:31]} 38. Be3 {[%emt 0:00:19]} Qd6 {[%emt 0:00:59]} 39. Bf4 {[%emt 0:00:10]} Qd4 {[%emt 0:00:58]} 40. Be3 {[%emt 0:00:05]} Qd6 {[%emt 0:01:01]} 41. Bf4 {[%emt 0:00:26]} Qd4 {[%emt 0:01:02]} 42. Be3 {[%emt 0:01:21]} 1/2-1/2

[Event "XV Closed IM BCC 2021"]
[Site "Barcelona"]
[Date "2021.05.10"]
[Round "7.1"]
[White "Papadiamandis, Elliot"]
[Black "Nottola, Adrien"]
[Result "1/2-1/2"]
[WhiteElo "2292"]
[BlackElo "2101"]
[Annotator "TA"]
[PlyCount "242"]
[EventDate "2021.05.03"]
[EventType "tourn"]
[EventCountry "ESP"]
[SourceTitle "playchess.com"]
[Source "ChessBase"]
[SourceQuality "1"]

{[%evp 12,242,28,22,34,30,22,18,31,14,24,10,15,1,24,0,0,-135,-145,-145,-137,-135,-135,-160,-160,-160,-164,-147,-146,-154,-143,-164,-164,-164,-164,-164,-164,-169,-165,-168,-158,-168,-168,-168,-163,-186,-171,-198,-176,-174,-179,-207,-177,-212,-211,-211,-207,-206,-203,-218,-217,-212,-171,-282,-267,-289,-277,-418,-114,-114,-114,-114,-114,-114,-114,-114,-89,-89,-89,-114,-114,-114,0,-114,0,-89,-33,-89,-89,-89,-89,-89,-89,-89,-89,-89,-89,-89,-89,-89,-89,-89,-89,-89,-89,-89,-89,-89,-89,-89,-89,-89,0,-89,0,-89,-89,-89,-89,-89,-89,-89,-89,-112,-112,-281,-89,-89,-89,-89,-89,-89,-89,-89,0,-89,-89,-89,-89,-95,-95,-410,-410,-410,-410,-966,-961,-935,-920,-843,-829,-621,64,64,87,76,89,0,0,0,0,0,0,0,0,0,0,0,0,0,0,0,0,0,0,-101,-100,-100,-101,-101,-101,-101,-101,-101,-77,-77,-4,-4,-4,-4,-4,-4,0,-20,-20,-52,-52,-52,-20,-77,-77,-77,-77,-77,-52,-77,-77,-77,-77,-85,-85,-85,-85,-85,-85,-85,-85,-85,-85,-85,-52,-52,-52,-52,-28,-28,-28,-28,-28,-52,0,-51,0]} 1. e4 e6 2. d4 d5 3. Nd2 c5 4. Ngf3 Nc6 5. exd5 exd5 6. Bb5 Qe7+ $1 {[%mdl 4] is recently more successful than 6...Bd6.} 7. Be2 Qc7 {C09: French Tarrasch: 3...c5 4 exd5 exd5 5 Ngf3 Nc6.} 8. O-O Nf6 9. Bb5 Be6 {The position is equal.} 10. Re1 Bd6 11. dxc5 Bxc5 12. Nb3 Bb6 {[#]} 13. Nbd4 $146 ({Predecessor:} 13. c4 dxc4 14. Bxc4 O-O 15. Bxe6 fxe6 16. Qe2 e5 17. Be3 Bxe3 18. Qc4+ Qf7 19. Qxf7+ Rxf7 20. Rxe3 {½-½ (30) Safarli,E (2608)-Nikolaidis,I (2545) Patras 2019}) 13... O-O {Strongly threatening ...Nxd4.} 14. h3 (14. Rxe6 $11 fxe6 15. Nxe6) 14... Nxd4 15. Nxd4 Bxd4 16. Qxd4 Qa5 {[%mdl 64] Double Attack} 17. Bg5 Ne4 (17... Qxb5 18. Bxf6 gxf6 19. Qxf6 $16) 18. Be7 Qxb5 19. Bxf8 Kxf8 20. c4 Qb6 21. Rad1 Qxd4 22. Rxd4 Nf6 23. cxd5 Bxd5 24. a3 Rc8 25. Red1 Be6 26. Rd8+ Rxd8 27. Rxd8+ Ke7 28. Rd4 Nd7 29. f4 f5 30. Kf2 Nb6 31. a4 Nd5 32. b4 Nc3 33. a5 a6 34. Ke3 Nd5+ 35. Kf3 Kd6 36. g4 g6 37. g5 (37. Kg3 $142) 37... Kc6 $19 38. h4 Kb5 39. h5 (39. Kg3 {might work better.}) 39... Kc6 $2 (39... gxh5 $19 40. Kg3 Bf7) 40. h6 Kc7 41. Rc4+ Kd6 42. Rd4 Bd7 43. Kf2 Ba4 44. Kg3 Bc6 45. Kf3 Ke7 46. Kf2 Kd6 47. Kf3 Ba4 48. Kg3 $1 Bb3 (48... Ke6 $17 49. Rd2 Bb5) 49. Rd3 (49. Rd2 $1 $15) 49... Bc2 $17 50. Rd2 Be4 51. Rd4 Kd7 52. Kf2 Ke7 53. Rc4 Kd8 54. Rd4 Kd7 55. Kg3 Ke6 56. Rc4 Ne7 57. Rc5 Kd6 58. Rc4 Nc6 59. Kf2 Bd5 60. Rc2 Be6 ({Not} 60... Nxb4 61. Rc8 $16) 61. Rd2+ Bd5 62. Rc2 $1 Be4 ({Weaker is} 62... Nxb4 63. Rc8 $16) (62... Kd7 $17 63. Rb2 Bc4) 63. Rd2+ (63. Rc4 $1 $11 {keeps the balance.}) 63... Kc7 64. Rb2 Nd4 65. Ke3 Nc2+ 66. Kd2 Na3 {aiming for ...Nc4+.} 67. Rb3 Nb5 68. Ke3 $2 (68. Re3 $17 {keeps fighting.}) 68... Kc6 $2 (68... Kd6 $1 $19 {and Black stays clearly on top.} 69. Kd2 Kd7) 69. Rb2 Kd6 70. Rd2+ Bd5 71. Rc2 {Rc8 is the strong threat.} Nc7 72. Rd2 Nb5 73. Rc2 $1 {[%cal Rc2c8]} Na7 74. Rd2 Nc6 75. Rb2 Be4 76. Rb3 $2 {[%mdl 8192]} (76. Rd2+ $17 Ke6 77. Rb2) 76... Ne7 $1 $19 77. Kf2 Nd5 78. b5 (78. Kg3 $142 Kc6 79. Ra3) 78... axb5 79. Rxb5 Nxf4 80. Rb6+ Ke5 81. Rf6 Ne6 $2 {[#]} ({Better is} 81... Nh3+ $19 82. Ke2 Bf3+ $1 {[%mdl 512]} 83. Kd3 Nxg5) 82. Rxg6 $1 $14 f4 (82... Bd5 83. Rg8) 83. Rg8 {[%mdl 1024] White has strong compensation.} Bd5 {[#]} 84. g6 ({White should try} 84. Ke1 $1 $16 {Black must now prevent g6.} Kd4 85. g6) 84... Ng5 $11 85. Re8+ Kf5 86. g7 Ne4+ 87. Ke1 Nf6 88. Rd8 {And now Rxd5+! would win.} Ba2 89. Rd2 Bf7 90. Rb2 Bd5 91. Rb5 {Hoping for Rxd5+!} Ke5 92. Rb6 Ng8 93. a6 (93. Kf2 $11) 93... bxa6 $17 94. Rxa6 Be6 95. Ra5+ Kf6 96. Kf2 Nxh6 97. Kf3 Kxg7 (97... Nf5 {seems wilder.} 98. g8=R Bxg8 99. Kxf4 Be6 100. Kg4 Ng7+) 98. Kxf4 Kf6 (98... Nf7 $17) 99. Rh5 $1 $11 Kg6 100. Rg5+ Kf7 101. Rh5 Kg7 102. Rg5+ Kh8 103. Rg1 Bf7 104. Kg5 Ng8 105. Kf5 (105. Rb1 $11) 105... Bg6+ $17 106. Kg5 Kg7 107. Re1 h6+ 108. Kh4 Nf6 109. Re7+ Bf7 110. Ra7 Kg6 111. Ra6 Bc4 112. Rc6 Bd3 113. Rd6 Bf5 (113... Be2 {feels hotter.} 114. Rc6 Bb5 115. Rb6 Ba4 116. Ra6 Bd7) 114. Ra6 Kf7 115. Rb6 Bg6 116. Rb7+ Ke6 117. Rb6+ Ke5 118. Rb5+ Nd5 119. Ra5 Bf7 120. Ra7 Bg6 121. Ra5 Bf7 {White happily takes the draw.  Weighted Error Value: White=0.15/Black=0.18} (121... Ke4 $15) 1/2-1/2

[Event "XV Closed IM BCC 2021"]
[Site "Barcelona"]
[Date "2021.05.10"]
[Round "7.2"]
[White "Alcala Gonzalez, Cesar"]
[Black "Lucas, Arthur"]
[Result "0-1"]
[WhiteElo "2110"]
[BlackElo "2310"]
[Annotator "NA"]
[PlyCount "89"]
[EventDate "2021.05.03"]
[EventType "tourn"]
[EventCountry "ESP"]
[SourceTitle "playchess.com"]
[Source "ChessBase"]
[SourceQuality "1"]
[TimeControl "5400+30"]

1. d4 {[%emt 0:00:00]} Nf6 {[%emt 0:02:07]} 2. c4 {[%emt 0:00:00]} g6 {[%emt 0:00:05]} 3. Nc3 {[%emt 0:00:00]} Bg7 {[%emt 0:00:04]} 4. e4 {[%emt 0:00:00]} d6 {[%emt 0:00:04]} 5. f3 {[%emt 0:00:15]} O-O {[%emt 0:00:24]} 6. Be3 {[%emt 0:00:28]} a6 {[%emt 0:00:06]} 7. Qd2 {[%emt 0:00:16]} Nbd7 {[%emt 0:00:13]} 8. Bd3 {[%emt 0:00:27]} c6 {[%emt 0:00:24]} 9. a4 {[%emt 0:00:07]} e5 {[%emt 0:00:31]} 10. d5 {[%emt 0:00:44]} cxd5 {[%emt 0:01:45]} 11. cxd5 {[%emt 0:00:08]} Nh5 {[%emt 0:00:05]} 12. Nge2 {[%emt 0:08:25]} f5 {[%emt 0:03:47]} 13. exf5 {[%emt 0:01:16]} Nf4 {[%emt 0:04:33]} 14. Bxf4 {[%emt 0:22:09]} exf4 {[%emt 0:00:06]} 15. fxg6 {[%emt 0:00:51]} Qh4+ {[%emt 0:13:47]} 16. Kd1 {[%emt 0:09:04]} Ne5 {[%emt 0:11:30]} 17. gxh7+ {[%emt 0:01:57]} Kh8 {[%emt 0:00:12]} 18. Ne4 {[%emt 0:03:59]} Bf5 {[%emt 0:12:09]} 19. Nd4 {[%emt 0:16:37]} Nxd3 {[%emt 0:03:36]} 20. Nxf5 {[%emt 0:06:06]} Rxf5 {[%emt 0:07:48]} 21. Qxd3 {[%emt 0:00:20]} Qh5 {[%emt 0:00:56]} 22. g4 {[%emt 0:11:40]} Rxd5 {[%emt 0:09:24]} 23. gxh5 {[%emt 0:00:08]} Rxd3+ {[%emt 0:00:04]} 24. Ke2 {[%emt 0:05:41]} Re3+ {[%emt 0:06:39]} 25. Kd2 {[%emt 0:01:02]} Rxf3 {[%emt 0:04:37]} 26. Ra3 {[%emt 0:00:57]} Rxa3 {[%emt 0:02:04]} 27. bxa3 {[%emt 0:00:01]} Kxh7 {[%emt 0:03:56]} 28. Ng5+ {[%emt 0:03:44]} Kh6 {[%emt 0:00:48]} 29. Ne6 {[%emt 0:00:12]} Be5 {[%emt 0:01:11]} 30. Rf1 {[%emt 0:01:02]} Rc8 {[%emt 0:07:53]} 31. Nxf4 {[%emt 0:02:08]} Rc4 {[%emt 0:00:37]} 32. Ng6 {[%emt 0:00:40]} Bxh2 {[%emt 0:01:36]} 33. Rh1 {[%emt 0:01:42]} Bg3 {[%emt 0:01:45]} 34. Rh3 {[%emt 0:00:12]} Bf2 {[%emt 0:00:38]} 35. Ne7 {[%emt 0:00:21]} Rxa4 {[%emt 0:01:06]} 36. Nf5+ {[%emt 0:01:02]} Kg5 {[%emt 0:00:54]} 37. Nxd6 {[%emt 0:00:55]} Rd4+ {[%emt 0:00:33]} 38. Ke2 {[%emt 0:00:09]} Rxd6 {[%emt 0:00:31]} 39. Kxf2 {[%emt 0:00:01]} Kg4 {[%emt 0:00:29]} 40. Rh1 {[%emt 0:01:01]} Rh6 {[%emt 0:00:18]} 41. Ke3 {[%emt 0:00:16]} b5 {[%emt 0:00:41]} 42. Kd4 {[%emt 0:00:29]} a5 {[%emt 0:00:29]} 43. Kc5 {[%emt 0:00:19]} b4 {[%emt 0:00:04]} 44. axb4 {[%emt 0:00:07]} axb4 {[%emt 0:00:03]} 45. Kxb4 {[%emt 0:00:06]} 0-1

[Event "XV Closed IM BCC 2021"]
[Site "Barcelona"]
[Date "2021.05.10"]
[Round "7.3"]
[White "Garcia Ramos, Daniel"]
[Black "Saya, Ethan"]
[Result "1/2-1/2"]
[WhiteElo "2436"]
[BlackElo "2230"]
[Annotator "NA"]
[PlyCount "118"]
[EventDate "2021.05.03"]
[EventType "tourn"]
[EventCountry "ESP"]
[SourceTitle "playchess.com"]
[Source "ChessBase"]
[SourceQuality "1"]
[TimeControl "5400+30"]

1. e4 {[%emt 0:00:00]} e6 {[%emt 0:00:55]} 2. d4 {[%emt 0:00:00]} d5 {[%emt 0:00:04]} 3. Nc3 {[%emt 0:00:00]} Nf6 {[%emt 0:00:22]} 4. e5 {[%emt 0:00:00]} Nfd7 {[%emt 0:00:07]} 5. f4 {[%emt 0:00:08]} c5 {[%emt 0:00:05]} 6. Nf3 {[%emt 0:00:07]} Nc6 {[%emt 0:00:08]} 7. Be3 {[%emt 0:00:10]} Be7 {[%emt 0:02:55]} 8. Qd2 {[%emt 0:00:41]} a6 {[%emt 0:02:52]} 9. Be2 {[%emt 0:02:23]} b5 {[%emt 0:01:33]} 10. O-O {[%emt 0:00:49]} Qb6 {[%emt 0:02:38]} 11. Rad1 {[%emt 0:17:47]} Bb7 {[%emt 0:09:37]} 12. Kh1 {[%emt 0:03:55]} O-O-O {[%emt 0:02:02]} 13. dxc5 {[%emt 0:06:20]} Bxc5 {[%emt 0:02:15]} 14. Bxc5 {[%emt 0:04:14]} Nxc5 {[%emt 0:01:37]} 15. Bd3 {[%emt 0:09:04]} h6 {[%emt 0:09:26]} 16. Qf2 {[%emt 0:02:50]} Kc7 {[%emt 0:01:51]} 17. a3 {[%emt 0:06:18]} Nxd3 {[%emt 0:02:23]} 18. Rxd3 {[%emt 0:02:06]} Qxf2 {[%emt 0:00:57]} 19. Rxf2 {[%emt 0:00:01]} g6 {[%emt 0:01:32]} 20. Kg1 {[%emt 0:07:02]} Kb6 {[%emt 0:06:46]} 21. Ne2 {[%emt 0:10:43]} a5 {[%emt 0:02:26]} 22. Ned4 {[%emt 0:05:58]} Na7 {[%emt 0:03:48]} 23. g4 {[%emt 0:00:45]} Rdg8 {[%emt 0:05:03]} 24. Kf1 {[%emt 0:03:21]} Ba6 {[%emt 0:06:42]} 25. Ke1 {[%emt 0:00:28]} b4 {[%emt 0:02:52]} 26. Re3 {[%emt 0:00:02]} Nb5 {[%emt 0:01:09]} 27. axb4 {[%emt 0:05:25]} axb4 {[%emt 0:00:23]} 28. Kd2 {[%emt 0:00:21]} h5 {[%emt 0:10:06]} 29. Nxb5 {[%emt 0:01:46]} Bxb5 {[%emt 0:00:22]} 30. h3 {[%emt 0:04:36]} hxg4 {[%emt 0:00:11]} 31. hxg4 {[%emt 0:00:01]} Rh1 {[%emt 0:01:53]} 32. Ng5 {[%emt 0:02:08]} Ra8 {[%emt 0:02:54]} 33. Re1 {[%emt 0:03:39]} Rh4 {[%emt 0:00:20]} 34. Rg1 {[%emt 0:01:16]} Ra2 {[%emt 0:02:43]} 35. b3 {[%emt 0:00:46]} d4 {[%emt 0:00:01]} 36. Rfg2 {[%emt 0:02:09]} d3 {[%emt 0:03:30]} 37. Rc1 {[%emt 0:00:08]} Bc6 {[%emt 0:00:54]} 38. Rf2 {[%emt 0:00:29]} dxc2 {[%emt 0:00:46]} 39. Rxc2 {[%emt 0:00:28]} Rxc2+ {[%emt 0:00:13]} 40. Kxc2 {[%emt 0:00:01]} Rxg4 {[%emt 0:00:15]} 41. Kd3 {[%emt 0:01:32]} Bd5 {[%emt 0:01:42]} 42. Nxf7 {[%emt 0:00:26]} Rg3+ {[%emt 0:00:58]} 43. Kd4 {[%emt 0:00:18]} Rxb3 {[%emt 0:00:18]} 44. Nd6 {[%emt 0:00:17]} Rb1 {[%emt 0:01:11]} 45. Nc4+ {[%emt 0:00:41]} Kb5 {[%emt 0:05:04]} 46. Ne3 {[%emt 0:00:07]} Bc6 {[%emt 0:02:33]} 47. Rc2 {[%emt 0:00:11]} Bh1 {[%emt 0:02:04]} 48. Rc8 {[%emt 0:00:35]} b3 {[%emt 0:00:50]} 49. Rb8+ {[%emt 0:00:04]} Kc6 {[%emt 0:00:15]} 50. Kc3 {[%emt 0:01:48]} Kc5 {[%emt 0:01:58]} 51. Re8 {[%emt 0:00:33]} b2 {[%emt 0:01:01]} 52. Nc2 {[%emt 0:00:30]} Kd5 {[%emt 0:00:38]} 53. Nb4+ {[%emt 0:00:30]} Ke4 {[%emt 0:00:50]} 54. Rxe6 {[%emt 0:00:05]} Kxf4 {[%emt 0:00:22]} 55. Rxg6 {[%emt 0:00:42]} Be4 {[%emt 0:00:26]} 56. Rf6+ {[%emt 0:00:35]} Kxe5 {[%emt 0:00:23]} 57. Rf2 {[%emt 0:00:06]} Rc1+ {[%emt 0:00:36]} 58. Kxb2 {[%emt 0:00:06]} Rg1 {[%emt 0:00:14]} 59. Kc3 {[%emt 0:00:13]} Rg3+ {[%emt 0:00:14]} 1/2-1/2

[Event "XV Closed IM BCC 2021"]
[Site "Barcelona"]
[Date "2021.05.10"]
[Round "7.4"]
[White "Hernandez, Cristian Andres"]
[Black "Girel, Joseph"]
[Result "0-1"]
[WhiteElo "2357"]
[BlackElo "2310"]
[Annotator "RC"]
[PlyCount "88"]
[EventDate "2021.05.03"]
[EventType "tourn"]
[EventCountry "ESP"]
[SourceTitle "playchess.com"]
[Source "ChessBase"]
[SourceQuality "1"]
[TimeControl "5400+30"]

1. d4 Nf6 2. c4 e6 3. Nc3 Bb4 4. e3 O-O 5. Nge2 c6 6. a3 Ba5 7. b4 Bc7 8. e4 d5 9. e5 Nfd7 10. Nf4 c5 11. bxc5 Ba5 12. Bd2 Nc6 13. cxd5 Nxd4 14. Qa4 Nxc5 15. Qxd4 Nb3 16. Qa4 Nxa1 17. Bd3 Qc7 18. Nfe2 Qxe5 19. Qxa5 Nb3 20. Qb4 Nxd2 21. Kxd2 Bd7 22. Qxb7 Rfd8 23. Qb4 exd5 24. Qd4 Qd6 25. Qb4 Qe5 26. f4 Qh5 27. Qd4 Rab8 28. h3 Rb2+ 29. Kc1 Rdb8 30. Re1 Qh4 31. Rd1 Qe7 32. Bc2 Qxa3 33. Kd2 Bf5 34. Rc1 Qb3 35. Qe5 Bxc2 36. Ke1 Bd3 37. Nd4 Qc4 38. f5 Be4 39. Nce2 Qb4+ 40. Rc3 Bd3 41. Qxb8+ Qxb8 42. Rxd3 a5 43. f6 gxf6 44. Nc6 Rxe2+ 0-1

[Event "XV Closed IM BCC 2021"]
[Site "Barcelona"]
[Date "2021.05.10"]
[Round "7.5"]
[White "Valenzuela Gomez, Fernando"]
[Black "Perez Mitjans, Orelvis"]
[Result "1-0"]
[WhiteElo "2382"]
[BlackElo "2412"]
[Annotator "NA"]
[PlyCount "109"]
[EventDate "2021.05.03"]
[EventType "tourn"]
[EventCountry "ESP"]
[SourceTitle "playchess.com"]
[Source "ChessBase"]
[SourceQuality "1"]
[TimeControl "5400+30"]

1. e4 {[%emt 0:03:48]} c5 {[%emt 0:15:46]} 2. Nf3 {[%emt 0:00:10]} d6 {[%emt 0:00:03]} 3. d4 {[%emt 0:00:12]} cxd4 {[%emt 0:00:06]} 4. Nxd4 {[%emt 0:00:06]} Nf6 {[%emt 0:00:03]} 5. Nc3 {[%emt 0:00:10]} g6 {[%emt 0:00:02]} 6. Be3 {[%emt 0:00:22]} Bg7 {[%emt 0:00:05]} 7. f3 {[%emt 0:00:35]} O-O {[%emt 0:00:07]} 8. Qd2 {[%emt 0:00:12]} Nc6 {[%emt 0:00:04]} 9. O-O-O {[%emt 0:00:14]} d5 {[%emt 0:00:04]} 10. exd5 {[%emt 0:00:43]} Nxd5 {[%emt 0:00:06]} 11. Nxc6 {[%emt 0:00:33]} bxc6 {[%emt 0:00:07]} 12. Bd4 {[%emt 0:00:22]} Bxd4 {[%emt 0:00:06]} 13. Qxd4 {[%emt 0:00:41]} Qb6 {[%emt 0:00:02]} 14. Na4 {[%emt 0:05:44]} Qc7 {[%emt 0:24:01]} 15. Bc4 {[%emt 0:00:18]} Rb8 {[%emt 0:04:33]} 16. a3 {[%emt 0:09:50]} Nb6 {[%emt 0:09:11]} 17. Nc5 {[%emt 0:15:15]} Nxc4 {[%emt 0:18:30]} 18. Qxc4 {[%emt 0:00:46]} Qe5 {[%emt 0:05:56]} 19. Qd4 {[%emt 0:01:01]} Qg5+ {[%emt 0:00:06]} 20. Rd2 {[%emt 0:01:49]} Bf5 {[%emt 0:00:13]} 21. Rhd1 {[%emt 0:17:23]} Rbd8 {[%emt 0:03:58]} 22. Qc3 {[%emt 0:00:30]} Rd5 {[%emt 0:03:03]} 23. Nb3 {[%emt 0:08:02]} e5 {[%emt 0:02:30]} 24. Kb1 {[%emt 0:02:45]} h5 {[%emt 0:02:58]} 25. Qxc6 {[%emt 0:06:57]} Rxd2 {[%emt 0:00:16]} 26. Rxd2 {[%emt 0:00:14]} Qe3 {[%emt 0:00:35]} 27. Qc3 {[%emt 0:01:50]} Qg1+ {[%emt 0:05:41]} 28. Nc1 {[%emt 0:02:19]} e4 {[%emt 0:00:29]} 29. fxe4 {[%emt 0:01:19]} Bxe4 {[%emt 0:00:02]} 30. g3 {[%emt 0:00:35]} Bf5 {[%emt 0:01:29]} 31. Qe5 {[%emt 0:04:48]} Rc8 {[%emt 0:01:08]} 32. b3 {[%emt 0:01:56]} Kh7 {[%emt 0:01:50]} 33. Kb2 {[%emt 0:02:07]} Qh1 {[%emt 0:01:00]} 34. Qf6 {[%emt 0:03:17]} Rc7 {[%emt 0:00:28]} 35. Qe5 {[%emt 0:03:17]} Qc6 {[%emt 0:01:36]} 36. c4 {[%emt 0:01:11]} Rc8 {[%emt 0:00:32]} 37. Qd5 {[%emt 0:01:31]} Qf6+ {[%emt 0:00:47]} 38. Qd4 {[%emt 0:00:08]} Qg5 {[%emt 0:00:09]} 39. Na2 {[%emt 0:00:44]} Qe7 {[%emt 0:01:14]} 40. Nc3 {[%emt 0:00:43]} Qe1 {[%emt 0:00:13]} 41. Rd1 {[%emt 0:00:57]} Qe6 {[%emt 0:00:02]} 42. Qxa7 {[%emt 0:01:50]} g5 {[%emt 0:00:27]} 43. Qd4 {[%emt 0:00:15]} Bg6 {[%emt 0:00:07]} 44. h4 {[%emt 0:00:54]} Qf5 {[%emt 0:00:42]} 45. Qd2 {[%emt 0:00:53]} g4 {[%emt 0:00:47]} 46. a4 {[%emt 0:01:37]} Re8 {[%emt 0:00:33]} 47. Re1 {[%emt 0:00:45]} Rb8 {[%emt 0:00:39]} 48. Nd5 {[%emt 0:00:26]} Qf3 {[%emt 0:00:21]} 49. Qc3 {[%emt 0:00:36]} Qf2+ {[%emt 0:00:13]} 50. Ka3 {[%emt 0:00:32]} Bc2 {[%emt 0:00:14]} 51. b4 {[%emt 0:00:56]} Bxa4 {[%emt 0:01:26]} 52. Qd3+ {[%emt 0:00:57]} Kh8 {[%emt 0:00:39]} 53. Qe3 {[%emt 0:00:37]} Qxe3+ {[%emt 0:00:29]} 54. Rxe3 {[%emt 0:00:11]} Bc6 {[%emt 0:00:19]} 55. Nf6 {[%emt 0:00:30]} 1-0

[Event "XV Closed IM BCC 2021"]
[Site "Barcelona"]
[Date "2021.05.11"]
[Round "8.1"]
[White "Nottola, Adrien"]
[Black "Perez Mitjans, Orelvis"]
[Result "1-0"]
[WhiteElo "2101"]
[BlackElo "2412"]
[Annotator "TA"]
[PlyCount "96"]
[EventDate "2021.05.03"]
[EventType "tourn"]
[EventCountry "ESP"]
[SourceTitle "playchess.com"]
[Source "ChessBase"]
[SourceQuality "1"]

{[%evp 12,96,23,19,7,0,2,0,0,0,0,-4,9,-24,-23,-22,-25,-47,-60,-78,-32,-32,-26,-29,-29,-60,-59,-48,-42,-55,0,-57,-48,-51,-51,-51,-51,-50,-50,-50,-31,-62,-48,-112,-112,-91,0,-126,-126,-126,-123,-122,-122,-150,-150,-166,-151,-135,-144,-152,-151,-200,-187,-188,-192,-214,-202,-244,-185,-175,0,-245,-227,-245,-248,-252,-227,-251,-229,-243,-230,-241,-232,-283,-283,-267,-256]} 1. e4 c5 2. Nf3 e6 3. d4 cxd4 4. Nxd4 a6 5. Nc3 Qc7 6. Bd3 Nf6 7. Qe2 Bd6 {B43: Sicilian: Kan Variation: 5 Nc3.} 8. Nf3 {Threatens to win with e5.} Nc6 9. Bg5 Ng4 {The position is equal.} 10. h3 Nge5 {[#]} 11. O-O $146 ({Predecessor:} 11. O-O-O b5 12. Bxb5 Bb4 13. Bxc6 Bxc3 14. Bxa8 Bxb2+ 15. Kxb2 Nc4+ 16. Kc1 Qc5 17. Rd3 {1-0 (17) Wiebe,D (1016)-Bigras,R (1317) Winnipeg 2006}) 11... O-O 12. Kh1 b5 13. Nxe5 Nxe5 14. f4 Nxd3 15. Qxd3 b4 16. e5 {[#] Ne4 is the strong threat.} bxc3 17. exd6 Qc6 18. Qxc3 Qxc3 19. bxc3 Bb7 20. f5 f6 (20... Rac8 $15 21. Rab1 Bd5) 21. Be3 ({White should try} 21. fxe6 $1 $11 fxg5 22. Rxf8+ Kxf8 23. e7+ Kf7 24. Rf1+ Kg8 25. c4) 21... e5 22. Bb6 Be4 23. c4 Bxc2 24. c5 Rac8 25. Rf2 Bd3 26. g4 g6 27. Re1 (27. fxg6 $15 hxg6 28. Re1) 27... gxf5 $17 28. gxf5 Kf7 (28... Bb5 $17) 29. Re3 (29. a4 $1 $11 {was the only way to keep the balance.}) 29... Bb5 30. Kh2 Bc6 31. Ra3 Ra8 32. Ba5 Rg8 33. Bd2 h5 34. Rg3 Rab8 35. Rxg8 Rxg8 {[%mdl 4096] Endgame KRB-KRB} 36. Be3 h4 37. Bd2 Rg3 38. Be1 Re3 39. Bd2 Rd3 40. Be1 Re3 (40... Be4 $142 41. Rd2 Re3 42. Bxh4 Bxf5) 41. Bd2 $1 $19 {[%cal Rd2e3]} Re4 42. Kg1 Rc4 43. Be3 Rc3 44. Re2 Bf3 45. Re1 Rc2 46. Bf2 Rxa2 47. Rc1 Bc6 48. Bxh4 a5 {[%mdl 32768] Weighted Error Value: White=0.18/Black=0.14. Loss on time!?} 1-0

[Event "XV Closed IM BCC 2021"]
[Site "Barcelona"]
[Date "2021.05.11"]
[Round "8.2"]
[White "Girel, Joseph"]
[Black "Valenzuela Gomez, Fernando"]
[Result "1-0"]
[WhiteElo "2310"]
[BlackElo "2382"]
[Annotator "NA"]
[PlyCount "53"]
[EventDate "2021.05.03"]
[EventType "tourn"]
[EventCountry "ESP"]
[SourceTitle "playchess.com"]
[Source "ChessBase"]
[SourceQuality "1"]
[TimeControl "5400+30"]

1. e4 {[%emt 0:00:00]} c5 {[%emt 0:06:39]} 2. Nf3 {[%emt 0:00:00]} d6 {[%emt 0:00:02]} 3. d4 {[%emt 0:00:23]} cxd4 {[%emt 0:00:03]} 4. Nxd4 {[%emt 0:00:17]} Nf6 {[%emt 0:00:04]} 5. Nc3 {[%emt 0:00:21]} a6 {[%emt 0:00:06]} 6. g3 {[%emt 0:00:31]} e5 {[%emt 0:01:25]} 7. Nb3 {[%emt 0:00:15]} Be7 {[%emt 0:03:32]} 8. Bg5 {[%emt 0:00:52]} Be6 {[%emt 0:04:05]} 9. Bxf6 {[%emt 0:00:11]} Bxf6 {[%emt 0:00:02]} 10. Qd3 {[%emt 0:00:33]} Be7 {[%emt 0:07:44]} 11. O-O-O {[%emt 0:00:54]} O-O {[%emt 0:00:38]} 12. f4 {[%emt 0:00:39]} Nc6 {[%emt 0:10:42]} 13. f5 {[%emt 0:02:34]} Bd7 {[%emt 0:14:35]} 14. Nd5 {[%emt 0:07:22]} Bg5+ {[%emt 0:01:06]} 15. Kb1 {[%emt 0:00:23]} a5 {[%emt 0:00:29]} 16. h4 {[%emt 0:03:14]} Bh6 {[%emt 0:01:11]} 17. g4 {[%emt 0:08:43]} a4 {[%emt 0:00:09]} 18. g5 {[%emt 0:05:15]} axb3 {[%emt 0:00:11]} 19. cxb3 {[%emt 0:00:20]} Kh8 {[%emt 0:07:47]} 20. gxh6 {[%emt 0:03:05]} g6 {[%emt 0:01:53]} 21. Bh3 {[%emt 0:03:30]} Nd4 {[%emt 0:03:11]} 22. fxg6 {[%emt 0:04:48]} fxg6 {[%emt 0:00:02]} 23. Bxd7 {[%emt 0:00:39]} Rf3 {[%emt 0:00:54]} 24. Qc4 {[%emt 0:01:23]} Qxd7 {[%emt 0:00:03]} 25. Rxd4 {[%emt 0:02:40]} exd4 {[%emt 0:01:28]} 26. Qxd4+ {[%emt 0:00:19]} Kg8 {[%emt 0:00:03]} 27. Nb6 {[%emt 0:00:51]} 1-0